RESOURCES FOR TEACHING WRITING (Record no. 25755)

MARC details
000 -LEADER
fixed length control field 00515nam a22001817a 4500
003 - CONTROL NUMBER IDENTIFIER
control field OSt
005 - DATE AND TIME OF LATEST TRANSACTION
control field 20260701114949.0
008 - FIXED-LENGTH DATA ELEMENTS--GENERAL INFORMATION
fixed length control field 260701b |||||||| |||| 00| 0 eng d
020 ## - INTERNATIONAL STANDARD BOOK NUMBER
International Standard Book Number 13978035009797
040 ## - CATALOGING SOURCE
Transcribing agency CHUKA UNIVERSITY LIBRARY
050 ## - LIBRARY OF CONGRESS CALL NUMBER
Classification number LB 1529 .C35 2020
100 ## - MAIN ENTRY--PERSONAL NAME
Personal name CALKINS LUCY
9 (RLIN) 27666
245 ## - TITLE STATEMENT
Title RESOURCES FOR TEACHING WRITING
260 ## - PUBLICATION, DISTRIBUTION, ETC.
Place of publication, distribution, etc. FIRSTHAND
Name of publisher, distributor, etc. HEINEMANN
Date of publication, distribution, etc. 2020
650 ## - SUBJECT ADDED ENTRY--TOPICAL TERM
Topical term or geographic name entry element LANGUAGE ARTS
9 (RLIN) 18723
650 ## - SUBJECT ADDED ENTRY--TOPICAL TERM
Topical term or geographic name entry element WRITING---- STUDY AND TEACHING(elementary)
9 (RLIN) 32296
942 ## - ADDED ENTRY ELEMENTS (KOHA)
Source of classification or shelving scheme Library of Congress Classification
Koha item type Long Loan Books
Suppress in OPAC No
Holdings
Withdrawn status Lost status Source of classification or shelving scheme Damaged status Not for loan Collection Home library Current library Shelving location Date acquired Cost, normal purchase price Total Checkouts Full call number Barcode Date last seen Price effective from Koha item type
    Library of Congress Classification     General Collection Books Main Campus Library Main Campus Library General Stacks 01/07/2026 1227.00   lb 1529 .c35 36581/2026 01/07/2026 01/07/2026 Long Loan Books

Powered by Koha